FIFA World Cup Winning Managers - Statistics

General Stats
  • This quiz has been taken 36 times
    17 since last reset
  • The average score is 17 of 22
Answer Stats
Question Answer % Correct
Who was Uruguay's 1930 World Cup-winning manager? Alberto Suppici
100%
Who was Brazil's 1994 World Cup-winning manager? Carlos Alberto Parreira
100%
Who was Argentina's 1978 World Cup-winning manager? César Luis Menotti
100%
Who was France's 2018 World Cup-winning manager? Didier Deschamps
100%
Who was Germany's 1990 World Cup-winning manager? Franz Beckenbauer
100%
Who was Germany's 2014 World Cup-winning manager? Joachim Löw
100%
Who was Argentina's 2022 World Cup-winning manager? Lionel Scaloni
100%
Who was Brazil's 2002 World Cup-winning manager? Luiz Felipe Scolari
100%
Who was Brazil's 1970 World Cup-winning manager? Mário Zagallo
100%
Who was Germany's 1954 World Cup-winning manager? Sepp Herberger
100%
Who was Spain's 2010 World Cup-winning manager? Vicente del Bosque
100%
Who was Italy's 2006 World Cup-winning manager? Marcello Lippi
75%
Who was Brazil's 1958 World Cup-winning manager? Vicente Feola
75%
Who was Italy's 1934 World Cup-winning manager? Vittorio Pozzo
75%
Who was Italy's 1938 World Cup-winning manager? Vittorio Pozzo
75%
Who was France's 1998 World Cup-winning manager? Aimé Jacquet
50%
Who was England's 1966 World Cup-winning manager? Alf Ramsey
50%
Who was Argentina's 1986 World Cup-winning manager? Carlos Bilardo
50%
Who was Italy's 1982 World Cup-winning manager? Enzo Bearzot
50%
Who was Germany's 1974 World Cup-winning manager? Helmut Schön
50%
Who was Brazil's 1962 World Cup-winning manager? Aymoré Moreira
25%
Who was Uruguay's 1950 World Cup-winning manager? Juan López Fontana
25%
No matching quizzes found
Score Distribution
Percent of People with Each Score
Percentile by Number Answered
Your Score History
You have not taken this quiz since the last reset